00857 2200277 4500001002100000005001700021008004100038020002200079035002500101040001200126082001200138084002200150090002200172100001400194245010400208260005000312300004100362500006000403650001000463700001800473700002500491850001200516990001700528990001700545990001700562INLIS00000000000169020150129130032.0  a978-602-9347-00-5 a0010-021400000000553 aYOPDYOG a746.662 aCoE 746.662 Dip I aCoE 746.662 Dip I aDIPO ALAM aIndonesian batik :ba journey in paintingsc/ Dipo Alam; Editor, Jean Couteau, Sherri Kasman Enthus aJakartabYayasan Dandara Amal Indonesiac2011 a178 hlm.b: ilus. ;c28 cm. (3 eks.) aDiterbitkan bekerja sama dengan Yayasan Batik Indonesia aBatik aCouteau, Jean aSherri Kasman Enthus aYOPDYOG a2503-PD/B.13 a2504-PD/B.13 a3382-PD/B.15